|
|
|
|
| LEADER |
00000nam0a2200000 4500 |
| 001 |
152651 |
| 005 |
20231031151111.0 |
| 010 |
|
|
|a 9785170479818
|
| 035 |
|
|
|a (RuTPU)RU\TPU\book\165508
|
| 090 |
|
|
|a 152651
|
| 100 |
|
|
|a 20090204d2007 m y0rusy50 ca
|
| 101 |
0 |
|
|a rus
|
| 102 |
|
|
|a RU
|
| 105 |
|
|
|a y z 000ay
|
| 200 |
1 |
|
|a Черновик. Чистовик
|e фантастические романы
|f С. В. Лукьяненко
|
| 210 |
|
|
|a Москва
|c АСТ
|d 2008
|
| 215 |
|
|
|a 637 с.
|
| 225 |
1 |
|
|a Звездный лабиринт: коллекция
|
| 330 |
|
|
|a В эту книгу вошли два романа отечественного фантаста номер один Сергея Лукьяненко — «Черновик» и «Чистовик». История человека, стертого из нашего мира, но сумевшего разорвать невидимые путы, привязавшие его к миру иному. История человека, который считает себя свободным — и еще не знает, что бывшие хозяева по-прежнему за ним охотятся.. Возможно, настало время жертве превратиться в преследователя?..
|
| 610 |
1 |
|
|a русская литература
|
| 610 |
1 |
|
|a романы
|
| 610 |
1 |
|
|a фантастика
|
| 675 |
|
|
|a Р2
|v 3
|
| 700 |
|
1 |
|a Лукьяненко
|b С. В.
|c русский писатель-фантаст
|f 1968-
|g Сергей Васильевич
|2 stltpush
|3 (RuTPU)RU\TPU\pers\40218
|
| 801 |
|
1 |
|a RU
|b 63413507
|c 20090204
|g PSBO
|
| 801 |
|
2 |
|a RU
|b 63413507
|c 20180302
|g PSBO
|
| 942 |
|
|
|c BK
|